| 000 | 00578cam a2200205ua 4500 | ||
|---|---|---|---|
| 001 | 8371 | ||
| 008 | 150129n ii |||gr||||Z||||||eng | ||
| 020 | _a9788186307595 | ||
| 040 | _cMAIN | ||
| 041 | _aeng | ||
| 082 | _a821 | ||
| 100 |
_aDobey, S. Kr., _eAuthor. |
||
| 245 |
_aShort inroduction to the history of english society and culture : _bFrom the anglo-saxon to the restoration / _cBy Sarat Kr. Dobey . |
||
| 250 | _a1st. | ||
| 260 |
_aGuwahati: _bDVS, _c2012. |
||
| 300 | _a263p. | ||
| 653 | _aEnglish poetry | ||
| 653 | _aHistory of english culture | ||
| 942 | _cBK | ||
| 999 |
_c7481 _d7481 |
||